000
00355nam a2200145Ia 4500
008
090124s9999 xx 000 0 und d
082
_b
135131
245
_a
मेतकुट
250
_a
1
260
_b
कणेकर शिरीष.
_c
2007
300
_a
260
630
_a
मेतकुट
730
_a
मेतकुट
942
_c
BOOK
999
_c
200004
_d
200004